Catálogo
 En Linea

Historia del transporte en la República Dominicana : (Registro nro. 50465)

Detalles MARC
000 -CABECERA
campo de control de longitud fija 00807nam a22002417a 4500
003 - IDENTIFICADOR DEL NÚMERO DE CONTROL
campo de control DO-SdBNP
005 - FECHA Y HORA DE LA ÚLTIMA TRANSACCIÓN
campo de control 20240313073817.0
007 - CAMPO FIJO DE DESCRIPCIÓN FÍSICA--INFORMACIÓN GENERAL
campo de control de longitud fija ta
008 - DATOS DE LONGITUD FIJA--INFORMACIÓN GENERAL
campo de control de longitud fija 210909b 2010 dr a b c 00| 0 eng d
020 ## - NÚMERO INTERNACIONAL ESTÁNDAR DEL LIBRO
Número Internacional Estándar del Libro 9789993429487
040 ## - FUENTE DE LA CATALOGACIÓN
Centro catalogador/agencia de origen DO-SdBNP
Lengua de catalogación spa
Centro/agencia transcriptor BNPHU
082 #4 - NÚMERO DE LA CLASIFICACIÓN DECIMAL DEWEY
Número de clasificación BNPHU
100 1# - ENTRADA PRINCIPAL--NOMBRE DE PERSONA
Nombre de persona Ditrén, Ignacio
9 (RLIN) 79818
245 1# - MENCIÓN DE TÍTULO
Título Historia del transporte en la República Dominicana :
Resto del título de la canoa de los taínos al metro /
Mención de responsabilidad, etc. Ignacio Ditrén ; prólogo Lipe Collado
260 ## - PUBLICACIÓN, DISTRIBUCIÓN, ETC.
Lugar de publicación, distribución, etc. Santo Domingo :
Nombre del editor, distribuidor, etc. s.n. ;
Fecha de publicación, distribución, etc. 2010.
300 ## - DESCRIPCIÓN FÍSICA
Extensión 445 p. :
Otras características físicas il., mapas, retrs. ;
Dimensiones 23 cm.
500 ## - NOTA GENERAL
Nota general Incluye datos biográficos del autor en las solapas
504 ## - NOTA DE BIBLIOGRAFÍA, ETC.
Nota de bibliografía, etc. Bibliografía : p. 423-428
590 ## - NOTA LOCAL (RLIN)
Nota local Inventariado, 2021/BT
700 1# - PUNTO DE ACCESO ADICIONAL--NOMBRE DE PERSONA
Nombre de persona Collado, Lipe,
Fechas asociadas al nombre 1947-
Término indicativo de función/relación pról.
9 (RLIN) 79819
910 ## - DATOS DE OPCIÓN DEL USUARIO (OCLC)
Datos de opción del usuario Btavárez
942 ## - ELEMENTOS DE PUNTO DE ACCESO ADICIONAL (KOHA)
Fuente del sistema de clasificación o colocación Dewey Decimal Classification
Tipo de ítem Koha Libro
Existencias
Estado de retiro Estado de pérdida Fuente del sistema de clasificación o colocación No para préstamo Código de colección Localización permanente Ubicación/localización actual Fecha de adquisición Fuente de adquisición Total de préstamos Signatura topográfica completa Código de barras Fecha visto por última vez Precio válido a partir de Tipo de ítem Koha Ubicación en estantería Número de copia Información codificada de la localización en otra ubicación
    Dewey Decimal Classification Préstamo en sala Dominicana de Servicio Biblioteca Nacional Pedro Henríquez Ureña Dominicana 20.09.2021     BNPHU DS 2021-26769 20.09.2021 20.09.2021 Libro y Folleto Colección Dominicana de Servicio En catalogación e.3 Compra
    Dewey Decimal Classification Préstamo en sala Dominicana de Servicio Biblioteca Nacional Pedro Henríquez Ureña Dominicana 20.09.2021 Compra   BNPHU DS 2021-26772 20.09.2021 20.09.2021 Libro y Folleto Colección Dominicana de Servicio En catalogación e.4  
    Dewey Decimal Classification Préstamo en sala Dominicana de Servicio Biblioteca Nacional Pedro Henríquez Ureña Dominicana 20.09.2021 Compra   BNPHU DS 2021-26773 20.09.2021 20.09.2021 Libro y Folleto Colección Dominicana de Servicio En catalogación e.5  
    Dewey Decimal Classification Excluido de préstamo Patrimonio Dominicano Biblioteca Nacional Pedro Henríquez Ureña Patrimonio Dominicano 09.09.2021 Compra   BNPHU PD 2021-26298 09.09.2021 09.09.2021 Libro y Folleto Colección Patrimonio Dominicano      
    Dewey Decimal Classification Excluido de préstamo Patrimonio Dominicano Biblioteca Nacional Pedro Henríquez Ureña Patrimonio Dominicano 09.09.2021 Compra   BNPHU PD 2021-26299 09.09.2021 09.09.2021 Libro y Folleto Colección Patrimonio Dominicano Depósito e.2  

Con tecnología Koha